Cristal Quebrado : testimonio de un vidriero regiomontano /

Guardado en:
Detalles Bibliográficos
Autor principal: Garza, Luis Lauro (autor)
Formato: Libro
Idioma:Español
Publicado: México : Siglo XXI, 1988, c1988
Colección:(Historia Inmediata)
Temas:
Etiquetas: Agrega una etiqueta
Sin etiquetas, Sé el primero en etiquetar este registro!

MARC

LEADER 00000nam^a2200000^a^4500
001 000022458
005 20250521000000.0
009 20260310084457.789
020 |a 968-23-1450-x 
037 |a Acervo ITESO - Biblioteca 
041 |a ESP 
082 |a 305. 56  |b GAR 
100 |a Garza, Luis Lauro  |e (autor) 
245 1 0 |a Cristal Quebrado :  |b testimonio de un vidriero regiomontano /  |c L.L. Garza. 
264 4 |a México :  |b Siglo XXI,  |c 1988, c1988 
300 |a 252 p. 
336 |a texto  |b txt  |2 rdacontenido 
337 |a sin mediación  |b n  |2 rdamedio 
338 |a volumen  |b nc  |2 rdasoporte 
440 1 |a (Historia Inmediata) 
649 |a XX 
650 |a Obreros -  |z Monterrey, Nuevo León 
650 |a Sindicalismo -  |z Monterrey, Nuevo León 
910 |a Fondo General 
920 |a Impresos - Libros 
930 |a Colección General 
905 |a 101 
901 |a 0224580100  |b IT1  |c ACC  |i 022458  |u 20250521 
902 |a https://opac.biblio.iteso.mx/vufind/Record/000022458